[Event "Ä13Ï"]
[Site "Loo"]
[Date "2017.04.27"]
[Round "8.3"]
[White "Æóðîâà, Àííà."]
[Black "Òîëñòûõ, Àðèíà."]
[Result "1-0"]
[WhiteElo "1843"]
[BlackElo "1439"]
[PlyCount "59"]
[EventDate "2017.04.20"]

1. e4 c5 2. Nc3 Nc6 3. g3 g6 4. Bg2 Bg7 5. d3 e5 6. Nge2 Nge7 7. O-O O-O 8. f4
d6 9. Be3 f5 10. fxe5 Bxe5 11. Bh6 Rf7 12. Rb1 Be6 13. Nf4 Nd4 14. Nxe6 Nxe6
15. Bd2 Rb8 16. exf5 Rxf5 17. Rxf5 Nxf5 18. Bd5 Qd7 19. Ne4 Kg7 20. Nf2 Ne7 21.
Bg2 Rf8 22. c3 d5 23. Ng4 Bc7 24. Bh6+ Kh8 25. Bxf8 Nxf8 26. Qf3 Qf5 27. Re1
Bd6 28. Qxf5 gxf5 29. Nf6 Kg7 30. Ne8+ 1-0

[Event "Ä13Ï"]
[Site "Loo"]
[Date "2017.04.27"]
[Round "8.4"]
[White "Øïàêèâñêàÿ, Àëèíà."]
[Black "Âèòþãîâà, ßðîñëàâà."]
[Result "0-1"]
[WhiteElo "1657"]
[BlackElo "1509"]
[PlyCount "142"]
[EventDate "2017.04.20"]

1. c4 e6 2. d4 f5 3. Nf3 Bb4+ 4. Bd2 Qe7 5. a3 Bxd2+ 6. Qxd2 Nf6 7. Nc3 b6 8.
g3 Bb7 9. Bg2 d6 10. O-O Nbd7 11. b4 O-O 12. Rab1 c5 13. h3 e5 14. bxc5 dxc5
15. d5 e4 16. Qe3 Ne5 17. Nxe5 Qxe5 18. Rfd1 Ne8 19. f4 Qe7 20. Rdc1 Qf6 21. a4
Ba6 22. Nb5 Bxb5 23. Rxb5 Nd6 24. Rb3 Qd4 25. Qxd4 cxd4 26. a5 Rab8 27. a6 Rbc8
28. Rb4 Rc5 29. Rd1 Rxc4 30. Rxc4 Nxc4 31. Rxd4 b5 32. g4 g6 33. gxf5 gxf5 34.
h4 Kf7 35. Kf2 Rd8 36. e3 Rd6 37. Bf1 Na3 38. Rd2 Ke7 39. Ra2 Nc4 40. Bxc4 bxc4
41. Ra5 Kd7 42. h5 Kc7 43. Rc5+ Kb6 44. Rxc4 Kxa6 45. Kg3 Kb7 46. Rd4 a5 47. h6
Kc7 48. Kh4 Rg6 49. Rc4+ Kb6 50. Kh5 Kb7 51. d6 Rxd6 52. Rc5 Kb6 53. Rxf5 a4
54. Re5 a3 55. Rxe4 Rd5+ 56. Kg4 Kb5 57. Re8 Kb4 58. Ra8 Ra5 59. Rb8+ Rb5 60.
Ra8 Ra5 61. Rb8+ Ka4 62. Rb1 a2 63. Rd1 Kb3 64. Rd3+ Kc2 65. Rd7 a1=Q 66. Rxh7
Qg1+ 67. Kf3 Qh1+ 68. Kg3 Rh5 69. Rc7+ Kd2 70. e4 Qg1+ 71. Kf3 Rh3# 0-1

[Event "Ä13Ï"]
[Site "Loo"]
[Date "2017.04.27"]
[Round "8.5"]
[White "Äåäóøèíñêàÿ, Àííà."]
[Black "Áàäìàåâà, Ýëüçÿòà."]
[Result "0-1"]
[WhiteElo "1482"]
[BlackElo "1369"]
[PlyCount "112"]
[EventDate "2017.04.20"]

1. e4 c5 2. Nc3 d6 3. g3 g6 4. Bg2 Bg7 5. d3 Nc6 6. Be3 a6 7. Qd2 Nf6 8. Bh6
O-O 9. Nge2 Qd7 10. O-O b5 11. Bxg7 Kxg7 12. Nf4 Bb7 13. Ncd5 Qd8 14. Nxf6 exf6
15. Nd5 Nd4 16. g4 Re8 17. Rae1 Bc8 18. h3 Rb8 19. c3 Ne6 20. f4 Rf8 21. f5 Nc7
22. Nxc7 Qxc7 23. g5 Qd8 24. d4 Rb6 25. gxf6+ Qxf6 26. e5 dxe5 27. dxe5 Qh4 28.
f6+ Kh8 29. Re4 Qh5 30. Qe3 Bf5 31. Ref4 Rg8 32. Qxc5 Rbb8 33. h4 Be6 34. Bf3
Qh6 35. Bd5 Rbe8 36. Bxe6 Rxe6 37. Rg4 Qh5 38. Rd4 Rxe5 39. Qc7 g5 40. Rd8 Qg4+
41. Kh1 Qxh4+ 42. Kg1 Qg4+ 43. Kh1 Qh5+ 44. Kg1 Rge8 45. Rd7 R8e6 46. Rd2 g4
47. Rd8+ Re8 48. Rxe8+ Rxe8 49. Rf2 g3 50. Re2 Qxe2 51. Qxg3 Rg8 52. Qxg8+ Kxg8
53. c4 h5 54. c5 h4 55. c6 h3 56. c7 Qg2# 0-1

[Event "Ä13Ï"]
[Site "Loo"]
[Date "2017.04.27"]
[Round "8.6"]
[White "Î÷èðîâà, Àíèòà."]
[Black "Òàðèåëàøâèëè, Äèàíà."]
[Result "1/2-1/2"]
[WhiteElo "1635"]
[BlackElo "1608"]
[PlyCount "111"]
[EventDate "2017.04.20"]

1. e4 e6 2. d4 d5 3. exd5 exd5 4. Nf3 Nf6 5. Bd3 Be7 6. O-O O-O 7. Bf4 Nc6 8.
Nbd2 Bg4 9. h3 Bh5 10. c3 Bd6 11. Bxd6 Qxd6 12. Qc2 Bg6 13. b4 Ne7 14. Ne5 Bxd3
15. Qxd3 Ng6 16. Rae1 Rfe8 17. f4 Nd7 18. Qf5 Ngxe5 19. fxe5 Qe6 20. a4 Qxf5
21. Rxf5 f6 22. Nf3 g6 23. Rf4 fxe5 24. dxe5 Re7 25. Rd4 c6 26. Rd2 Rae8 27.
Rde2 Nb6 28. a5 Nd7 29. g4 b6 30. axb6 axb6 31. Kg2 Nf8 32. Kg3 h6 33. h4 Kf7
34. Nd4 Rc8 35. Rf2+ Kg7 36. h5 c5 37. bxc5 bxc5 38. Nb5 Nd7 39. Nd6 Rc6 40.
Rfe2 Nxe5 41. Nf5+ gxf5 42. Rxe5 Rxe5 43. Rxe5 d4 44. cxd4 cxd4 45. Rd5 Rc3+
46. Kf4 fxg4 47. Rxd4 g3 48. Rd7+ Kf8 49. Rd8+ Ke7 50. Rg8 Rc5 51. Kxg3 Rxh5
52. Rg4 Rc5 53. Rh4 h5 54. Re4+ Kf6 55. Kh4 Kf7 56. Ra4 1/2-1/2

[Event "Ä13Ï"]
[Site "Loo"]
[Date "2017.04.27"]
[Round "8.7"]
[White "Áàðàíîâà, Åëèçàâåòà."]
[Black "Ëîáàíîâà, Ìèëàíà."]
[Result "1-0"]
[WhiteElo "1632"]
[BlackElo "1454"]
[PlyCount "129"]
[EventDate "2017.04.20"]

1. e4 c5 2. Nf3 d6 3. c3 Nc6 4. d4 cxd4 5. cxd4 Bg4 6. Nc3 Bxf3 7. gxf3 Nf6 8.
Bb5 a6 9. Ba4 b5 10. Bb3 e5 11. dxe5 dxe5 12. Be3 Bb4 13. O-O O-O 14. Ne2 Nh5
15. Ng3 Nf4 16. Qxd8 Raxd8 17. Bxf4 exf4 18. Ne2 Nd4 19. Nxd4 Rxd4 20. Rad1
Rfd8 21. Bd5 Rxd1 22. Rxd1 Rc8 23. Bb7 Rc2 24. Bxa6 Rxb2 25. Bxb5 Rxa2 26. Rd8+
Bf8 27. Bc4 Ra7 28. Kg2 g5 29. Rd5 h6 30. Rf5 Kg7 31. h4 f6 32. hxg5 fxg5 33.
Kf1 Rc7 34. Bb3 Bb4 35. Rd5 Kf6 36. Rf5+ Kg6 37. Rd5 Rc3 38. Bd1 h5 39. Kg2 Ra3
40. Rb5 Be7 41. Rb6+ Kf7 42. Bb3+ Kg7 43. Rb7 Kf6 44. e5+ Kf5 45. Bf7 Bf8 46.
e6 Kf6 47. Rb8 Bc5 48. Rb2 h4 49. Re2 Be7 50. Bh5 Ra6 51. Bg4 Ra3 52. Rb2 Ra5
53. Rb8 Rc5 54. Rb2 Ra5 55. Bh3 Rc5 56. Rb8 Rd5 57. Kf1 Ra5 58. Rb6 Rd5 59. Bg4
Ba3 60. Rb8 Be7 61. Ra8 Kg7 62. Ra4 Kf6 63. Kg2 Kg7 64. Re4 Kf6 65. Kf1 1-0

[Event "Ä13Ï"]
[Site "Loo"]
[Date "2017.04.27"]
[Round "8.8"]
[White "Ìàãèçîâà, ßíà."]
[Black "Òóêòèíà, Äàðüÿ."]
[Result "1-0"]
[WhiteElo "1610"]
[BlackElo "1454"]
[PlyCount "111"]
[EventDate "2017.04.20"]

1. e4 e5 2. c4 Nf6 3. Nc3 Nc6 4. g3 d6 5. Bg2 Be6 6. d3 h6 7. Be3 Qd7 8. Nge2
Ne7 9. h3 c5 10. f4 Qc6 11. O-O Nh7 12. f5 Bd7 13. g4 a6 14. a4 Qc7 15. Ng3 Bc6
16. Nh5 Ng8 17. Qe1 Ngf6 18. Nxf6+ Nxf6 19. Qg3 Be7 20. h4 Qd8 21. Bf2 h5 22.
g5 Ng4 23. Be1 f6 24. g6 Qb6 25. Rb1 Qb3 26. Bh3 Qc2 27. Bxg4 hxg4 28. Rf2 Qb3
29. Qxg4 Bxa4 30. Nxa4 Qxa4 31. b3 Qc6 32. h5 O-O-O 33. b4 b5 34. cxb5 Qxb5 35.
Qd1 Qc6 36. Rfb2 d5 37. b5 axb5 38. Ba5 b4 39. Bxd8 Rxd8 40. Qc2 dxe4 41. dxe4
Rd4 42. Rxb4 Rxb4 43. Rxb4 Qc7 44. Rc4 Qa5 45. Rc3 Kd8 46. h6 Kc7 47. h7 Qa8
48. Rh3 Qh8 49. Qc4 Bd6 50. Qg8 Qxg8 51. hxg8=Q Kc6 52. Qc8+ Kb5 53. Rc3 Kb4
54. Rc1 Kb5 55. Qb7+ Ka4 56. Ra1# 1-0

[Event "Ä13Ï"]
[Site "Loo"]
[Date "2017.04.27"]
[Round "8.9"]
[White "Ñèò÷èõèíà, Ìèëàíà."]
[Black "Àëèìîâà, Äàíà."]
[Result "0-1"]
[WhiteElo "1592"]
[BlackElo "1388"]
[PlyCount "52"]
[EventDate "2017.04.20"]

1. e4 c5 2. d3 e6 3. f4 Nc6 4. Nf3 g6 5. c3 Bg7 6. Be2 Nge7 7. O-O O-O 8. Be3
b6 9. d4 d6 10. Na3 Bb7 11. e5 Nd5 12. Bd2 a6 13. Nc4 dxe5 14. fxe5 cxd4 15.
cxd4 b5 16. Nd6 Qb6 17. Kh1 Bc8 18. Ng5 Qxd4 19. Ngxf7 Nxe5 20. Nxe5 Qxe5 21.
Rxf8+ Bxf8 22. Nxc8 Rxc8 23. Rb1 Bd6 24. g3 Rf8 25. Bh6 Qe4+ 26. Kg1 Bc5+ 0-1

[Event "Ä13Ï"]
[Site "Loo"]
[Date "2017.04.27"]
[Round "8.10"]
[White "Íàçàðîâà, Àíàñòàñèÿ."]
[Black "Âîëêîâà, Àëèíà."]
[Result "1/2-1/2"]
[WhiteElo "1344"]
[BlackElo "1583"]
[PlyCount "78"]
[EventDate "2017.04.20"]

1. e4 e6 2. d4 d5 3. Nc3 Nf6 4. e5 Nfd7 5. f4 c5 6. Nf3 Nc6 7. Be3 Qb6 8. Na4
Qa5+ 9. Nc3 Qb6 10. Rb1 cxd4 11. Bxd4 Nxd4 12. Nxd4 Bc5 13. Na4 Qa5+ 14. c3
Bxd4 15. Qxd4 b5 16. Nc5 Qxa2 17. Bd3 Qa5 18. f5 Qb6 19. Nxd7 Bxd7 20. fxe6
fxe6 21. Qxb6 axb6 22. O-O Ke7 23. Rf2 h6 24. Rbf1 Rhf8 25. Rxf8 Rxf8 26. Ra1
b4 27. cxb4 Rf4 28. Ra7 Rxb4 29. Ba6 Kd8 30. Ra8+ Kc7 31. Ra7+ Kc6 32. Bb7+ Kc5
33. Bxd5 Kxd5 34. Rxd7+ Kxe5 35. Rxg7 Rxb2 36. Rh7 b5 37. Rxh6 b4 38. Rh5+ Ke4
39. Rb5 b3 1/2-1/2

[Event "Ä13Ï"]
[Site "Loo"]
[Date "2017.04.27"]
[Round "8.11"]
[White "Òèìîôååâà, Þëèÿ."]
[Black "Òóìàøåâè÷, Åëèçàâåòà."]
[Result "1/2-1/2"]
[WhiteElo "1427"]
[BlackElo "1506"]
[PlyCount "64"]
[EventDate "2017.04.20"]

1. e4 c5 2. c3 Nf6 3. e5 Nd5 4. d4 cxd4 5. cxd4 Nc6 6. Nf3 d6 7. Bc4 Nb6 8. Bb5
a6 9. Bxc6+ bxc6 10. exd6 Qxd6 11. Nc3 g6 12. Be3 Bg7 13. h3 O-O 14. O-O Nd5
15. Qd2 Bf5 16. Bh6 Rfd8 17. Bxg7 Kxg7 18. Nh4 Be6 19. Nf3 Nf6 20. Rfd1 Rd7 21.
Ne5 Rdd8 22. Ne2 c5 23. Nf3 cxd4 24. Nexd4 Qb6 25. b3 Rac8 26. Qe3 Nd5 27. Qe5+
Nf6 28. Qe3 Nd5 29. Qe5+ Nf6 30. Qe3 Nd5 31. Qe5+ Nf6 32. Qe3 Nd5 1/2-1/2

[Event "Ä13Ï"]
[Site "Loo"]
[Date "2017.04.27"]
[Round "8.12"]
[White "Ãóáàðåâà, Ñîôèÿ."]
[Black "Êîñà÷åâà, Êðèñòèíà."]
[Result "0-1"]
[WhiteElo "1574"]
[BlackElo "1364"]
[PlyCount "86"]
[EventDate "2017.04.20"]

1. d4 Nf6 2. c4 e6 3. Nc3 b6 4. e4 Bb7 5. f3 d5 6. e5 Nfd7 7. Nge2 c5 8. Be3
cxd4 9. Bxd4 dxc4 10. Ng3 Nc6 11. f4 Nxd4 12. Qxd4 Bc5 13. Qxc4 Rc8 14. Qe2 O-O
15. a3 Nb8 16. Rd1 Qh4 17. Nce4 Be7 18. b4 Qxf4 19. Nd6 Bxd6 20. exd6 Rfd8 21.
Nh5 Qg5 22. h4 Qh6 23. Rh3 Rc1 24. Rg3 Rxd1+ 25. Qxd1 g6 26. Be2 Kf8 27. Qd4
Qc1+ 28. Kf2 Ke8 29. Qh8+ Kd7 30. Nf6+ Kc8 31. Qxh7 Qf4+ 32. Rf3 Bxf3 33. Bxf3
Qxf6 34. Qh6 Rxd6 35. Qc1+ Rc6 36. Qe3 Qxh4+ 37. Ke2 Rc2+ 38. Kd1 Qf2 39. Qd3
Rc7 40. Qb3 Qd4+ 41. Ke2 Rc3 42. Qa4 Qe3+ 43. Kd1 Rc1# 0-1

[Event "Ä13Ï"]
[Site "Loo"]
[Date "2017.04.27"]
[Round "8.13"]
[White "Çàðêîâà, Åëèçàâåòà."]
[Black "Ëåáåäåâà, Óëüÿíà."]
[Result "0-1"]
[WhiteElo "1290"]
[BlackElo "1560"]
[PlyCount "110"]
[EventDate "2017.04.20"]

1. d4 d5 2. c4 e6 3. Nc3 Nf6 4. Bg5 Bb4 5. e3 c6 6. cxd5 cxd5 7. Bd3 Nc6 8. Nf3
O-O 9. O-O Bd7 10. Ne5 Be7 11. Nxd7 Qxd7 12. a3 Rac8 13. Rc1 a6 14. Na4 Qc7 15.
b4 Ne8 16. Bxe7 Qxe7 17. Nc5 Nd6 18. Qb3 Rc7 19. Rc2 Rfc8 20. Rfc1 Nb8 21. Na4
Rxc2 22. Rxc2 Rxc2 23. Qxc2 g6 24. h3 Qd8 25. Nc5 Qc7 26. Nb3 Qxc2 27. Bxc2 Nc4
28. a4 Nc6 29. b5 axb5 30. axb5 Na7 31. b6 Nc8 32. Nc5 N8d6 33. e4 Nxb6 34. e5
Nb5 35. Nxb7 Nxd4 36. Bd3 Kg7 37. Nd6 Nd7 38. f4 f6 39. Ne8+ Kf7 40. Nxf6 Nxf6
41. exf6 Kxf6 42. Kf2 e5 43. fxe5+ Kxe5 44. g3 Nf5 45. g4 Nd6 46. Kf3 Kd4 47.
Ke2 Ne4 48. Bc2 g5 49. Kf3 h6 50. Bxe4 dxe4+ 51. Ke2 e3 52. Ke1 Kd3 53. Kd1 e2+
54. Ke1 Ke3 55. h4 gxh4 0-1

[Event "Ä13Ï"]
[Site "Loo"]
[Date "2017.04.27"]
[Round "8.14"]
[White "Ëóêüÿí÷åíêî, Àëèñà."]
[Black "Êîðæîâà, Ëèäèÿ."]
[Result "0-1"]
[WhiteElo "1463"]
[BlackElo "1295"]
[PlyCount "108"]
[EventDate "2017.04.20"]

1. c4 e5 2. e3 c6 3. Nf3 d6 4. b4 Be6 5. Qc2 Nd7 6. a3 d5 7. d3 Bd6 8. Bb2 h6
9. Be2 f5 10. O-O Qf6 11. Nbd2 Ne7 12. Rfd1 O-O 13. Ne1 f4 14. exf4 Qxf4 15.
Bf3 g5 16. g3 Qf5 17. Nf1 Bc7 18. Ne3 Qf7 19. Bg2 d4 20. Nf1 Qf6 21. Qe2 Rf7
22. Nd2 Bf5 23. Ne4 Bxe4 24. Bxe4 Raf8 25. Rd2 Qe6 26. Bf3 Nf6 27. Bxd4 Nf5 28.
Be3 Nxe3 29. Qxe3 Ng4 30. Qe2 Nxf2 31. Qxf2 g4 32. Bxg4 Qxg4 33. Qe2 Qd4+ 34.
Kg2 Rf2+ 35. Qxf2 Rxf2+ 36. Rxf2 Qxa1 37. Nc2 Qc3 38. c5 Qxd3 39. Kg1 e4 40.
Ne1 Qxa3 41. Re2 Qxb4 42. Kf1 a5 43. Nc2 Qc4 44. Ne1 a4 45. Kf2 Qxc5+ 46. Kf1
Qf5+ 47. Rf2 Qb5+ 48. Kg2 e3 49. Rf3 Qe2+ 50. Kh3 Qxe1 51. g4 e2 52. g5 hxg5
53. Rg3 Qxg3+ 54. hxg3 e1=Q 0-1

[Event "Ä13Ï"]
[Site "Loo"]
[Date "2017.04.27"]
[Round "8.15"]
[White "Àéðàïåòÿí, Àíæåëèêà."]
[Black "Ãàåð, Ìàðãàðèòà."]
[Result "0-1"]
[WhiteElo "1362"]
[BlackElo "1421"]
[PlyCount "128"]
[EventDate "2017.04.20"]

1. e4 e6 2. d4 d5 3. Nd2 Nf6 4. e5 Nfd7 5. f4 c5 6. c3 Nc6 7. Ne2 Qb6 8. Nf3
Be7 9. g3 O-O 10. Bh3 Re8 11. O-O Nf8 12. g4 cxd4 13. cxd4 f6 14. Kh1 Bd7 15.
f5 Rac8 16. Rg1 Kh8 17. Nf4 fxe5 18. dxe5 Bc5 19. Re1 d4 20. f6 gxf6 21. exf6
Nb4 22. Nh5 Bc6 23. Bg2 Bd5 24. Ne5 Ng6 25. Qd2 Nxe5 26. Rxe5 Bxg2+ 27. Kxg2
Qc6+ 28. Kh3 Rg8 29. Qf2 Nd3 30. Qe2 Nxe5 31. Qxe5 Qf3+ 32. Ng3 Qxg4+ 33. Kg2
Qg6 34. h4 Rcd8 35. f7+ Rg7 36. Bg5 Rc8 37. Qxc5 Qc2+ 38. Qxc2 Rxc2+ 39. Kf3
Rxf7+ 40. Ke4 Rxb2 41. Kxd4 Kg7 42. Ke5 Rff2 43. Rd1 Rb5+ 44. Kxe6 Rxa2 45.
Nh5+ Kg6 46. Ng3 Ra6+ 47. Ke7 Re5+ 48. Kf8 Rae6 49. Rd8 a5 50. Bd2 a4 51. Bb4
Re3 52. Nh1 Rh3 53. Nf2 Rf3+ 54. Kg8 Rxf2 55. Rb8 b6 56. h5+ Kxh5 57. Kxh7 Rg2
58. Bf8 a3 59. Ra8 a2 60. Ra3 Kg4 61. Ra4+ Kf5 62. Ra3 Re4 63. Rf3+ Rf4 64. Ra3
Rf1 0-1

[Event "Ä13Ï"]
[Site "Loo"]
[Date "2017.04.27"]
[Round "8.16"]
[White "Âåòîõèíà, Ñîôüÿ."]
[Black "Òóëàåâà, Ìàðèÿ."]
[Result "1-0"]
[WhiteElo "1333"]
[BlackElo "1418"]
[PlyCount "59"]
[EventDate "2017.04.20"]

1. d4 Nf6 2. c4 g6 3. Nf3 Bg7 4. g3 d6 5. Bg2 O-O 6. O-O Nbd7 7. Nc3 e5 8. e4
h6 9. h3 a5 10. Re1 Kh7 11. Be3 Ne8 12. Qc2 f5 13. exf5 gxf5 14. dxe5 dxe5 15.
Nh4 e4 16. Rad1 Bxc3 17. Qxc3 Ng7 18. Rd5 c6 19. Rd6 Qe7 20. Rxh6+ Kg8 21. Ng6
Qd8 22. Nxf8 Nxf8 23. Bd4 Nfe6 24. Bxg7 Nxg7 25. Rg6 Qd7 26. h4 Kh7 27. Qf6 Kg8
28. Bh3 Qc7 29. h5 e3 30. Rxe3 1-0

[Event "Ä13Ï"]
[Site "Loo"]
[Date "2017.04.27"]
[Round "8.17"]
[White "Ïåòðîâà, Àíæåëèêà."]
[Black "Ãàíüæèíà, Ìàðèÿ."]
[Result "1-0"]
[WhiteElo "1241"]
[BlackElo "1408"]
[PlyCount "101"]
[EventDate "2017.04.20"]

1. d4 d5 2. Nf3 Bf5 3. c4 e6 4. Qb3 Nc6 5. Qxb7 Nb4 6. Na3 Rb8 7. Qxa7 Ra8 8.
Qb7 Rxa3 9. bxa3 Nc2+ 10. Kd1 Nxa1 11. Bb2 Nc2 12. Qb5+ Qd7 13. Qb8+ Ke7 14.
Ne5 Qe8 15. Qxc7+ Kf6 16. g4 Bg6 17. Nxg6 Kxg6 18. Kxc2 Qa4+ 19. Kd2 Bxa3 20.
Bxa3 Qxa3 21. cxd5 Qxa2+ 22. Qc2+ Qxc2+ 23. Kxc2 exd5 24. Bg2 Nf6 25. h3 Ra8
26. Rb1 Ra4 27. e3 Ra2+ 28. Rb2 Ra5 29. Kc3 Ra8 30. Rb6 Kg5 31. Kb3 Ra5 32. Rb7
Kg6 33. f4 Ng8 34. Rd7 Nf6 35. f5+ Kh6 36. Rc7 Rb5+ 37. Kc3 Ra5 38. Rb7 Ra3+
39. Rb3 Ra2 40. Rb2 Ra3+ 41. Kd2 Kg5 42. Ke2 Ra7 43. Kf2 h5 44. gxh5 Kxh5 45.
Rb5 Rd7 46. Kg3 Kg5 47. Bf3 Kxf5 48. Bg4+ Nxg4 49. hxg4+ Ke4 50. Rb3 Rc7 51.
Kh4 {äàëåå çàïèñü íåðàçáîð~~èâà} 1-0

[Event "Ä13Ï"]
[Site "Loo"]
[Date "2017.04.27"]
[Round "8.19"]
[White "Íîâîæèëîâà, Ïîëèíà."]
[Black "×àðêèíà, Ìàðèÿ."]
[Result "1-0"]
[WhiteElo "1559"]
[BlackElo "1151"]
[PlyCount "51"]
[EventDate "2017.04.20"]

1. e4 e5 2. Nc3 Bc5 3. Nf3 d6 4. Bc4 Nc6 5. a3 a6 6. O-O Bg4 7. h3 Bh5 8. Nd5
Nf6 9. c3 O-O 10. d3 h6 11. Bd2 Re8 12. Qc1 Nxd5 13. Bxd5 Rb8 14. Bxh6 Qf6 15.
Bg5 Qg6 16. Nh4 Qh7 17. g4 Bg6 18. Kh2 Ne7 19. Ba2 Kf8 20. f4 f6 21. fxe5 dxe5
22. Qc2 Bf7 23. Bxf7 Kxf7 24. Qb3+ Kf8 25. Bxf6 Qg8 26. Bg5+ 1-0

[Event "Ä13Ï"]
[Site "Loo"]
[Date "2017.04.27"]
[Round "8.20"]
[White "Ôîðîñòÿíàÿ, Ñîôèÿ."]
[Black "Äîí÷åíêî, Åêàòåðèíà."]
[Result "1-0"]
[WhiteElo "1179"]
[BlackElo "1534"]
[PlyCount "45"]
[EventDate "2017.04.20"]

1. e4 e6 2. d4 d5 3. exd5 exd5 4. Bd3 Nc6 5. c3 Bd6 6. Nf3 Bg4 7. O-O Qd7 8.
Re1+ Nge7 9. Be3 O-O-O 10. Nbd2 f6 11. Qc2 h5 12. a4 Bf5 13. b4 Bxd3 14. Qxd3
Rde8 15. a5 Qf5 16. Qe2 g5 17. b5 Nd8 18. c4 c6 19. c5 Bf4 20. a6 Bxe3 21. fxe3
Qd7 22. b6 axb6 23. a7 1-0

[Event "Ä13Ï"]
[Site "Loo"]
[Date "2017.04.27"]
[Round "8.21"]
[White "Ìàòòåó, Ñîôèÿ."]
[Black "Êóðãàíîâà, Åëåíà."]
[Result "1/2-1/2"]
[WhiteElo "1346"]
[BlackElo "1453"]
[PlyCount "92"]
[EventDate "2017.04.20"]

1. e4 c5 2. g3 d5 3. Bg2 dxe4 4. Bxe4 Nf6 5. Bg2 Nc6 6. Ne2 e5 7. O-O Be7 8. h3
O-O 9. d3 Be6 10. Nbc3 Qd7 11. Kh2 Rab8 12. Ne4 Nxe4 13. dxe4 Rfd8 14. Be3 Qc7
15. Qe1 Nd4 16. Bxd4 exd4 17. Qd2 Bd6 18. f4 f6 19. Kh1 Bc4 20. Rf2 Be6 21. g4
Bc4 22. Raf1 Rf8 23. b3 Bb5 24. f5 h6 25. Re1 Bc6 26. Nf4 Bxf4 27. Rxf4 Qe5 28.
Rf2 Rfe8 29. Qf4 Qxf4 30. Rxf4 Re5 31. Kg1 Kf7 32. Bf1 Rbe8 33. Bc4+ Ke7 34.
Kf2 Kd6 35. Bd3 a6 36. a4 Ke7 37. Kf3 Kd6 38. h4 R8e7 39. h5 Re8 40. Bc4 Ke7
41. Be6 Bd7 42. Bd5 Bc6 43. Bxc6 bxc6 44. Ke2 Kd7 45. Kd3 Kc7 46. Rb1 a5
1/2-1/2

[Event "Ä13Ï"]
[Site "Loo"]
[Date "2017.04.27"]
[Round "8.22"]
[White "Ñîáëèðîâà, Ñàáèíà."]
[Black "Îéäóï, Àðñåíèÿ."]
[Result "0-1"]
[WhiteElo "1114"]
[BlackElo "1401"]
[PlyCount "70"]
[EventDate "2017.04.20"]

1. d4 Nf6 2. Nf3 g6 3. Nc3 Bg7 4. e4 d6 5. Be3 O-O 6. Qd2 e5 7. h3 Nbd7 8.
O-O-O Qe7 9. Bd3 Re8 10. g4 b6 11. g5 Nh5 12. Nd5 Qd8 13. Qc3 Bb7 14. Qxc7 Bxd5
15. Qxd8 Raxd8 16. exd5 e4 17. Bxe4 Rxe4 18. Nd2 Ree8 19. Nc4 Nb8 20. Rd3 f6
21. h4 Na6 22. a3 Nc7 23. gxf6 Bxf6 24. Bh6 Nxd5 25. b4 Nhf4 26. Rd2 Ne2+ 27.
Kb2 Bxd4+ 28. Kb3 Ndc3 29. Rd3 d5 30. Nd2 Rc8 31. Nf3 Bxf2 32. Rf1 Bg3 33. Bg5
Rf8 34. Rh1 Rxf3 35. Rxf3 Nd4+ 0-1

[Event "Ä13Ï"]
[Site "Loo"]
[Date "2017.04.27"]
[Round "8.23"]
[White "Êàëóñòîâà, Ìàðèíà."]
[Black "Êèñåëåâà, Àëèíà."]
[Result "1/2-1/2"]
[WhiteElo "1242"]
[BlackElo "1377"]
[PlyCount "106"]
[EventDate "2017.04.20"]

1. e4 e5 2. Nc3 Nf6 3. f4 d5 4. fxe5 Nxe4 5. Nf3 Be7 6. d3 Nxc3 7. bxc3 Nc6 8.
d4 O-O 9. Bd3 Bg4 10. O-O Qd7 11. Rb1 Rab8 12. Bf4 a6 13. Qe2 Bf5 14. Bg5 Bxd3
15. Qxd3 Qg4 16. Bxe7 Nxe7 17. c4 c6 18. c5 Ng6 19. c3 Nf4 20. Qd2 Rfe8 21. Kh1
Re6 22. Rf2 Rh6 23. Ng5 Qxg5 24. Qxf4 Qxf4 25. Rxf4 Re6 26. Rbf1 Re7 27. a4 b6
28. Rb1 Reb7 29. g3 bxc5 30. Rxb7 Rxb7 31. dxc5 g5 32. Rf5 h6 33. Rf6 Rc7 34.
Rxh6 Kg7 35. Rf6 Rc8 36. Kg2 a5 37. h4 gxh4 38. gxh4 Rc7 39. h5 Kh7 40. Kf3 Kg7
41. Ke3 Kh7 42. Kd4 Kg7 43. Rd6 Kh7 44. Rf6 Kg7 45. Rd6 Kh7 46. Ke3 Kg7 47. Kd4
Kh7 48. Rf6 Kg7 49. Rd6 Kh7 50. h6 Rc8 51. Rf6 Rc7 52. Ke3 Kg8 53. Kd4 Kh7
1/2-1/2

[Event "Ä13Ï"]
[Site "Loo"]
[Date "2017.04.27"]
[Round "8.24"]
[White "Àí÷èêîâà, Îëüãà."]
[Black "Âèåðó, ßíà."]
[Result "0-1"]
[WhiteElo "1367"]
[BlackElo "1350"]
[PlyCount "78"]
[EventDate "2017.04.20"]

1. d4 Nf6 2. c4 c5 3. d5 g6 4. Nc3 d6 5. e4 Bg7 6. Nf3 O-O 7. Nd2 e5 8. Be2 Na6
9. O-O Nd7 10. Qc2 Nb4 11. Qb1 f5 12. a3 Na6 13. f4 exf4 14. Rxf4 Bd4+ 15. Kh1
Ne5 16. Rf1 f4 17. Nf3 g5 18. Nxd4 cxd4 19. Nb5 Qf6 20. Nxd4 Nxc4 21. Bxc4 Qxd4
22. Qd3 Qe5 23. Qc2 Nc5 24. Re1 Bg4 25. Qc3 Qe7 26. Bd3 f3 27. g3 f2 28. Bf1
fxe1=Q 29. Qxe1 Qxe4+ 30. Qxe4 Nxe4 31. Bg2 Rae8 32. Bxe4 Rxe4 33. Bxg5 Bh3 34.
Rg1 Re5 35. Bh6 Rf2 36. Be3 Rxe3 37. b4 Ree2 38. Rg2 Rxg2 39. g4 Re1# 0-1

[Event "Ä13Ï"]
[Site "Loo"]
[Date "2017.04.27"]
[Round "8.25"]
[White "Ìóñòàôèíà, Þëèàíà."]
[Black "Ìíåÿí, Ðèïñèìå."]
[Result "1/2-1/2"]
[WhiteElo "1361"]
[BlackElo "1345"]
[PlyCount "144"]
[EventDate "2017.04.20"]

1. e4 e5 2. Nf3 Nc6 3. Bc4 Nf6 4. Ng5 d5 5. exd5 Na5 6. Bb5+ c6 7. dxc6 bxc6 8.
Qf3 Rb8 9. Bd3 h6 10. Ne4 Be7 11. Nxf6+ Bxf6 12. Nc3 Be6 13. O-O Bd5 14. Be4
Bxe4 15. Nxe4 Bg5 16. Nxg5 hxg5 17. d3 Rb4 18. g3 Qf6 19. Qxf6 gxf6 20. Bd2 Rb5
21. Bxa5 Rxa5 22. Rfe1 O-O 23. a3 c5 24. Re4 Rb8 25. b3 Kf8 26. a4 Rb4 27. Rc4
Ke7 28. Kg2 Ke6 29. Re1 Rxc4 30. dxc4 Ra6 31. Rd1 e4 32. Rd5 Rc6 33. Kf1 f5 34.
h3 f6 35. Ke2 Rc7 36. f3 exf3+ 37. Kxf3 Rc8 38. h4 gxh4 39. gxh4 Rh8 40. Rxc5
Rxh4 41. Rd5 Rh2 42. Rd3 Rxc2 43. Kf4 Rf2+ 44. Rf3 Rc2 45. Re3+ Kd6 46. Kxf5
Rf2+ 47. Kg4 Rg2+ 48. Rg3 Rf2 49. Rf3 Rg2+ 50. Kf5 Rg8 51. Rd3+ Ke7 52. Re3+
Kf7 53. Rc3 Rg5+ 54. Kf4 Rc5 55. b4 Rc7 56. b5 Ke6 57. c5 Kd5 58. c6 a6 59. b6
Rxc6 60. Rxc6 Kxc6 61. a5 Kb7 62. Kf5 Kc6 63. Kxf6 Kb7 64. Ke7 Kc8 65. Ke6 Kb8
66. Kd5 Kb7 67. Kc5 Kb8 68. Kc6 Kc8 69. Kd6 Kb7 70. Kd7 Kb8 71. Kd6 Kb7 72. Kc5
Kb8 1/2-1/2

[Event "Ä13Ï"]
[Site "Loo"]
[Date "2017.04.27"]
[Round "8.26"]
[White "Àôîíàñüåâà, Âàëåðèÿ."]
[Black "Êóëìàãàìáåòîâà, Àéøà."]
[Result "1-0"]
[WhiteElo "1498"]
[BlackElo "1289"]
[PlyCount "53"]
[EventDate "2017.04.20"]

1. d4 d5 2. Nf3 Nf6 3. e3 a6 4. Bd3 Nc6 5. a3 Bd7 6. Nbd2 e6 7. b3 Bd6 8. Bb2
O-O 9. O-O h6 10. Ne5 Nh7 11. Qh5 Nxe5 12. dxe5 Be7 13. f4 f6 14. Rf3 fxe5 15.
Qg6 Nf6 16. Rg3 Rf7 17. fxe5 Ne4 18. Nxe4 Bh4 19. Nf6+ Kf8 20. Nxd7+ Qxd7 21.
Rh3 Bg5 22. Rf1 Rxf1+ 23. Kxf1 Qf7+ 24. Rf3 Bf6 25. Qxf7+ Kxf7 26. exf6 gxf6
27. Rxf6+ 1-0

[Event "Ä13Ï"]
[Site "Loo"]
[Date "2017.04.27"]
[Round "8.27"]
[White "Ïîêàñîâà, Èðèíà."]
[Black "Êîâòóí, Òàòüÿíà."]
[Result "0-1"]
[WhiteElo "1298"]
[BlackElo "1459"]
[PlyCount "154"]
[EventDate "2017.04.20"]

1. e4 e6 2. d4 d5 3. e5 c5 4. c3 Qb6 5. Nf3 Bd7 6. Nbd2 cxd4 7. cxd4 Bb5 8.
Bxb5+ Qxb5 9. Qb3 Qxb3 10. Nxb3 Nc6 11. a3 b6 12. O-O Nge7 13. Bg5 Nf5 14. Rac1
Kd7 15. Rfd1 h6 16. Bd2 Be7 17. Rc2 Rac8 18. Rdc1 Rc7 19. Kf1 Rhc8 20. Ke2 a5
21. Be3 a4 22. Na1 g5 23. g4 Ng7 24. Kd3 b5 25. Ke2 Ne8 26. h3 b4 27. axb4 Bxb4
28. Bd2 Be7 29. Be3 f6 30. Bd2 Kd8 31. Ke3 fxe5 32. Nxe5 Nxe5 33. dxe5 Bc5+ 34.
Ke2 Bd4 35. Ba5 Kd7 36. Bxc7 Rxc7 37. Rxc7+ Nxc7 38. Rc2 a3 39. bxa3 Bxa1 40.
a4 Bxe5 41. a5 Bd4 42. Kd3 e5 43. f3 Ne6 44. Rh2 Kc6 45. h4 Kb5 46. hxg5 hxg5
47. Ra2 Nc5+ 48. Kd2 Nb3+ 49. Kd1 Nxa5 50. Rh2 Be3 51. Ke2 Bf4 52. Rh1 Nc6 53.
Rd1 d4 54. Kd3 Kc5 55. Ra1 Nb4+ 56. Ke2 d3+ 57. Kd1 d2 58. Ra8 Nd5 59. Rc8+ Kb4
60. Rb8+ Kc4 61. Rd8 Nc3+ 62. Kc2 d1=Q+ 63. Rxd1 Nxd1 64. Kxd1 Kd3 65. Ke1 Ke3
66. Kf1 Kxf3 67. Kg1 e4 68. Kf1 e3 69. Ke1 Bg3+ 70. Kd1 e2+ 71. Kc2 e1=Q 72.
Kd3 Qe4+ 73. Kd2 Qe3+ 74. Kc2 Ke2 75. Kb2 Kd2 76. Kb1 Qb3+ 77. Ka1 Be5# 0-1

[Event "Ä13Ï"]
[Site "Loo"]
[Date "2017.04.27"]
[Round "8.28"]
[White "Äåíùèê, Àëåêñàíäðà."]
[Black "Îíäàð, Øóðó."]
[Result "1/2-1/2"]
[WhiteElo "1266"]
[BlackElo "1449"]
[PlyCount "72"]
[EventDate "2017.04.20"]

1. e4 c6 2. Nc3 e6 3. d3 d5 4. g3 Bd6 5. Bg2 Nf6 6. Nf3 Nbd7 7. O-O O-O 8. Re1
Be7 9. e5 Ne8 10. Bh3 b6 11. Nd4 Bb7 12. Qg4 c5 13. Nxe6 fxe6 14. Qxe6+ Kh8 15.
Qxd7 Qxd7 16. Bxd7 Nc7 17. Bh3 h6 18. Bg2 Rad8 19. Ne2 Bc8 20. Nf4 Bf5 21. Bd2
c4 22. Rac1 a5 23. dxc4 dxc4 24. Be3 Bc5 25. Bxc5 bxc5 26. Be4 Bh7 27. Ng6+
Bxg6 28. Bxg6 Ne6 29. c3 Rd2 30. f4 Rxb2 31. Rc2 Rb6 32. Be4 Rd8 33. Kg2 Kg8
34. Kh3 Kf7 35. Kg4 g6 36. Rf1 Kg7 {äàëåå çàïèñü íåðàçáîð~~èâà} 1/2-1/2